Children's Little Study Challenge (Books) Quiz Stats

 Plays Quiz not verified by Sporcle

Challenge
Share
Tweet
Embed
Score 0/29 Timer 13:00
0 Plays Today
Book Author % Correct
The Adventures of Huckleberry FinnMark Twain
87.5%
Alice's Adventures in WonderlandLewis Carroll
62.5%
The Ugly DucklingHans Christian Anderson
62.5%
The Little MermaidHans Christian Anderson
62.5%
The TinderboxHans Christian Anderson
62.5%
Where the Wild Things AreMaurice Sendak
62.5%
The Paper Bag PrincessRobert Munsch
62.5%
Hansel and GretelJacob and Wilhelm Grimm
50%
Little Red CapJacob and Wilhelm Grimm
50%
Puss in BootsCharles Perrault
50%
Little Red Riding HoodCharles Perrault
50%
Night SchoolLoris Lesynski
50%
Peter PanJames Barrie
50%
Pure SpringBrian Doyle
50%
The MaestroTim Wynne Jones
50%
Book Author % Correct
Cinderella:or the Little Glass SlipperCharles Perrault
50%
Something From NothingPhoebe Gilman
37.5%
Good Night MoonMargaret Wise Brown
37.5%
Treasure IslandR.L Stevenson
37.5%
SnowUri Shulevitz
37.5%
The Chinese Red Riding HoodIsabelle C. Chang
37.5%
Jacob Two Two Meets the Hooded FangMordecai Richler
25%
The Story of GrandmotherPaul Delaure
12.5%
Vasilisa the BeautifulAlexsandr Afanas'ev
12.5%
The Indian CinderellaCyrus MacMillian
12.5%
When the Clock StrikesTanith Lee
12.5%
The WIcked Stepmother's LamentSara Maitland
12.5%
Little Gold Star, A Spanish American Cinderella TaleRobert D. San Sourci
12.5%
CinderellaAnne Sexton
12.5%

You're not logged in!

Compare scores with friends on all Sporcle quizzes.
Join for Free
OR
Log In

You Might Also Like...

Show Comments

Extras

Top Quizzes Today


Score Distribution

Your Account Isn't Verified!

In order to create a playlist on Sporcle, you need to verify the email address you used during registration. Go to your Sporcle Settings to finish the process.

Report this User

Report this user for behavior that violates our Community Guidelines.

Details: